000 01324nam a22002537a 4500
999 _c61199
_d61199
005 20231229162933.0
008 231229s1962 ru ||||| |||| 00| 0 rus d
041 _arus
080 _a94(38)(075.8) И-90
245 _aИстория древней Греции /
_c .В., Блаватский В.Д., Бокщанин А.Г., КазамановаЛ.Н., Ковалев С.И., КолобоваК.М., Ленцман Я.А., Пикус Н.Н., О. И. Савостьянова.
264 _aМосква :
_bВысшая школа,
_c1962.
300 _a500 с.:
_bил.;
_c22 см.
653 _aძველი საბერძნეთის ისტორია
700 _aБлаватская, Т.В.
_eავტორი
_920498
700 _aБлаватский, В.Д.
_eავტორი
_920141
700 _a Бокщанин А.Г.
_eავტორი
_920940
700 _aКазаманова, Л.Н.,
_eავტორი
_920941
700 _aКовалев, С.И.
_eავტორი
_915393
700 _aКолобова, К.М.
_eავტორი
_920942
700 _aЛенцман, Я.А.
_eავტორი
_920943
700 _aПикус, Н.Н.,
_eავტორი
_920944
700 _aСавостьянова, О.И.
_eავტორი
_920945
942 _2udc
_cᲬᲘᲒᲜᲘ